[Event "Tourn. n10240"]
[Site "www.echecsemail.com"]
[Date "2019.11.09"]
[Round "1"]
[White "Fegatux"]
[Black "Apdash"]
[WhiteElo "2230"]
[BlackElo "2220"]
[Result "1-0"]
[Round "1"]
1.e4 c5
2.Ng1f3 d6
3.Bf1b5 Nb8c6
4.d4 cxd4
5.Qd1xd4 Bc8d7
6.Bb5xc6 bxc6
7.O-O Ng8f6
8.e5 c5
9.Qd4h4 dxe5
10.Nf3xe5 Bd7b5
11.c4 Bb5d7
12.Nb1c3 e6
13.Rf1d1 Bf8e7
14.Qh4g3 O-O
15.Bc1h6 g6
16.Bh6xf8 Be7xf8
17.Ne5xd7 Nf6xd7
18.Qg3d3 Qd8b6
19.Qd3xd7 Qb6xb2
20.Nc3e4 h6
21.Ra1b1 Qb2c2
22.Ne4f6 Kg7
23.Nf6e8 Kg8
24.Ne8c7 { resign }
1-0

[Event "Tourn. n10223"]
[Site "www.echecsemail.com"]
[Date "2019.11.09"]
[Round "1"]
[White "Numanoid"]
[Black "Galiany17"]
[WhiteElo "2770"]
[BlackElo "2500"]
[Result "1/2-1/2"]
[Round "1"]
1.e4 e5
2.Ng1f3 Nb8c6
3.d4 exd4
4.Bf1b5 a6
5.Bb5a4 Bf8c5
6.O-O Ng8e7
7.c3 dxc3
8.Nf3g5 f6
9.Ng5f7 cxb2
10.Bc1xb2 Kxf7
11.Qd1h5 Kf8
12.Qh5xc5 d6
13.Qc5c3 Bc8e6
14.f4 h5
15.e5 dxe5
16.fxe5 f5
17.Nb1d2 Ne7d5
18.Qc3f3 Qd8g5
19.Nd2e4 Qg5e3
20.Qf3xe3 Nd5xe3
21.Rf1f2 b5
22.Ne4g5 Be6d5
23.Ba4b3 Nc6e7
24.Bb2d4 Bd5xb3
25.axb3 Ne3d5
26.e6 a5
27.Bd4c5 Ke8
28.Ng5f7 Rh8f8
29.Rf2d2 c6
30.Nf7d6 Kd8
31.Nd6f7 Ke8
32.Nf7d6 { draw }
1/2-1/2

[Event "Tourn. n10205"]
[Site "www.echecsemail.com"]
[Date "2019.11.09"]
[Round "1"]
[White "Tonino1"]
[Black "Jerome"]
[WhiteElo "2220"]
[BlackElo "2570"]
[Result "0-1"]
[Round "1"]
1.d4 Ng8f6
2.Ng1f3 e6
3.e3 d5
4.Bf1d3 c5
5.c3 Bf8e7
6.Nb1d2 O-O
7.O-O b6
8.Qd1e2 a5
9.Nf3e5 Bc8a6
10.Bd3xa6 Nb8xa6
11.Ne5c6 Qd8c7
12.Nc6xe7 Qc7xe7
13.e4 dxe4
14.Nd2xe4 Nf6xe4
15.Qe2xe4 cxd4
16.cxd4 Na6c7
17.f4 f5
18.Qe4e5 Nc7d5
19.Rf1e1 Rf8e8
20.Bc1d2 Ra8c8
21.Ra1c1 Kf7
22.Qe5e2 Qe7d7
23.Qe2h5 Kg8
24.g3 Nd5f6
25.Qh5h3 Qd7xd4
26.Bd2e3 Qd4xb2
27.Rc1xc8 Re8xc8
28.Qh3f1 Nf6g4
29.Re1e2 Rc8c2
30.Re2xc2 Qb2xc2
31.Be3f2 Qc2xa2
{ resign }
0-1

[Event "Match"]
[Site "www.echecsemail.com"]
[Date "2019.11.10"]
[Round "1"]
[White "Sociopath"]
[Black "Jose"]
[WhiteElo "2830"]
[BlackElo "2850"]
[Result "1/2-1/2"]
[Round "1"]
1.e4 c5
2.Ng1f3 d6
3.d4 cxd4
4.Nf3xd4 Ng8f6
5.Nb1c3 g6
6.Bc1e3 Bf8g7
7.f3 O-O
8.Qd1d2 Nb8c6
9.Bf1c4 Nc6xd4
10.Be3xd4 Bc8e6
11.Bc4xe6 fxe6
12.O-O-O Qd8a5
13.Qd2e2 Nf6d7
14.Qe2c4 Qa5g5
15.Kb1 Bg7xd4
16.Qc4xe6 Rf8f7
17.Rd1xd4 Qg5xg2
18.Rd4d1 Nd7c5
19.Qe6c4 Ra8f8
20.e5 Qg2xf3
21.exd6 exd6
22.Rh1e1 Qf3f4
23.Rd1d4 Qf4xh2
24.Nc3b5 Qh2f2
25.Re1d1 Kh8
26.Nb5xd6 Rf7c7
27.Nd6b5 Nc5e6
28.Nb5xc7 Ne6xd4
29.a4 Nd4c6
30.Nc7e6 Qf2f3
31.Rd1e1 Rf8e8
32.Re1f1 Qf3e3
33.Ne6c7 Re8d8
34.Nc7e6 Rd8e8
{ draw }
1/2-1/2

[Event "Match"]
[Site "www.echecsemail.com"]
[Date "2019.11.10"]
[Round "1"]
[White "Szustan"]
[Black "Apdash"]
[WhiteElo "2610"]
[BlackElo "2220"]
[Result "1-0"]
[Round "1"]
1.e4 c5
2.c3 Nb8c6
3.d4 cxd4
4.cxd4 d5
5.e5 e6
6.Ng1f3 Ng8e7
7.Bc1e3 Ne7f5
8.Bf1d3 Bf8b4
9.Nb1c3 Qd8a5
10.Be3d2 Nf5xd4
11.Nf3xd4 Nc6xd4
12.a3 Bb4xc3
13.Bd2xc3 { resign }
1-0

[Event "Match"]
[Site "www.echecsemail.com"]
[Date "2019.11.10"]
[Round "1"]
[White "Llord"]
[Black "Coraza"]
[WhiteElo "1950"]
[BlackElo "1720"]
[Result "1-0"]
[Round "1"]
1.e4 e5
2.Ng1f3 Nb8c6
3.Bf1c4 h6
4.O-O Ng8f6
5.Nb1c3 Bf8b4
6.a3 Bb4xc3
7.dxc3 O-O
8.Bc1e3 Rf8e8
9.h3 d6
10.Qd1d2 Nf6xe4
11.Qd2d5 Ne4g5
12.Nf3xg5 Bc8e6
13.Ng5xe6 fxe6
14.Qd5f3 Re8f8
15.Bc4xe6 Kh8
16.Qf3h5 Rf8f6
17.Be6f5 Nc6e7
18.Bf5d3 Qd8f8
19.Rf1e1 Ne7g8
20.Be3d2 Ra8e8
21.Bd2g5 Rf6xf2
22.Re1f1 Rf2xf1
23.Ra1xf1 Ng8f6
24.Rf1xf6 gxf6
25.Bg5xh6 Qf8g8
26.Bh6f8 { resign }
1-0

[Event "Tourn. n10150"]
[Site "www.echecsemail.com"]
[Date "2019.11.10"]
[Round "1"]
[White "Gvladutz"]
[Black "Jerome"]
[WhiteElo "2480"]
[BlackElo "2269"]
[Result "0-1"]
[Round "1"]
1.e4 c5
2.Ng1f3 e6
3.d4 cxd4
4.Nf3xd4 Ng8f6
5.Nb1c3 d6
6.f4 a6
7.Qd1f3 Qd8b6
8.Nd4b3 Qb6c7
9.a4 b6
10.Bf1d3 Bc8b7
11.O-O Nb8d7
12.Bc1d2 g6
13.g4 Bf8g7
14.g5 Nf6h5
15.Ra1e1 O-O
16.Qf3e3 Nd7c5
17.a5 Nc5xb3
18.axb6 Qc7c5
19.Nc3a4 Qc5xe3
20.Bd2xe3 Nb3d4
21.c3 Nd4b3
22.f5 exf5
23.exf5 Bg7e5
24.Bd3c2 Nb3a5
25.b3 Bb7c6
26.Rf1f2 Bc6xa4
27.bxa4 Be5xc3
28.Be3d2 Bc3xd2
29.Rf2xd2 Na5c4
30.Rd2d4 Nc4xb6
31.Rd4xd6 Nb6c4
32.Rd6d4 Ra8c8
33.Bc2d3 Nc4d2
34.Bd3e2 Rf8d8
35.Rd4xd8 Rc8xd8
36.Re1c1 a5
37.Be2xh5 gxh5
38.Rc1c5 Nd2f3
39.Kf2 Nf3xg5
40.Rc5xa5 Kg7
41.h4 Ng5e4
42.Ke3 Rd8e8
43.Kd3 Ne4f2
44.Kc3 Kf6
45.Ra5d5 Re8e4
46.Rd5d2 Re4xh4
47.Rd2xf2 Rh4xa4
48.Kb3 Ra4g4
49.Kc2 h4
50.Kd3 Kg5
51.Ke3 h3
52.Rf2h2 Rg4g3
53.Ke4 f6
54.Rh2h1 Kg4
55.Kd5 Kxf5
{ resign }
0-1

[Event "Match"]
[Site "www.echecsemail.com"]
[Date "2019.11.10"]
[Round "1"]
[White "Apdash"]
[Black "Dussek"]
[WhiteElo "2180"]
[BlackElo "1880"]
[Result "1-0"]
[Round "1"]
1.d4 Ng8f6
2.c4 g6
3.Nb1c3 d5
4.Bc1g5 Bf8g7
5.Bg5xf6 Bg7xf6
6.Nc3xd5 Bf6g7
7.e3 O-O
8.Ng1f3 c6
9.Nd5c3 Bc8g4
10.Bf1e2 Nb8a6
11.O-O c5
12.d5 Na6c7
13.Qd1b3 b6
14.h3 Bg4d7
15.Ra1d1 Qd8c8
16.e4 Nc7e8
17.e5 e6
18.d6 Qc8b7
19.Rf1e1 Bd7c6
20.Rd1d3 Bg7h8
21.Be2f1 Ra8d8
22.Qb3d1 Ne8g7
23.Qd1d2 Ng7f5
24.Nf3g5 Nf5h4
25.g3 Nh4f3
26.Ng5xf3 Bc6xf3
27.Qd2f4 Bf3c6
28.Nc3e4 Bc6xe4
29.Re1xe4 Rd8d7
30.Bf1g2 Qb7a6
31.Rd3a3 Qa6c8
32.h4 Qc8d8
33.Qf4g4 h5
34.Qg4e2 Bh8g7
35.Re4f4 Bg7h6
36.Rf4f6 Bh6g7
37.Rf6f4 Bg7h6
38.Rf4f3 f5
39.exf6 Rf8xf6
40.Rf3xf6 Qd8xf6
41.Ra3d3 Bh6f8
42.Bg2h3 Rd7xd6
43.Rd3xd6 Bf8xd6
44.Bh3xe6 Kg7
45.Kg2 Qf6e5
46.Qe2xe5 Bd6xe5
47.b3 Kf6
48.Be6d5 g5
49.hxg5 Kxg5
50.f4 Be5xf4
51.gxf4 Kxf4
52.Kf2 Ke5
53.Ke3 h4
54.a4 a5
55.Bd5g2 Kf5
56.Bg2h3 Ke5
57.Bh3g4 Kf6
58.Ke4 Kg5
59.Bg4d7 Kh5
60.Kd5 Kg5
61.Kc6 Kf4
62.Kxb6 { resign }
1-0

[Event "Match"]
[Site "www.echecsemail.com"]
[Date "2019.11.10"]
[Round "1"]
[White "Silverking"]
[Black "Liencam2"]
[WhiteElo "2370"]
[BlackElo "2170"]
[Result "1-0"]
[Round "1"]
1.c4 e5
2.Nb1c3 Nb8c6
3.Ng1f3 f5
4.d4 e4
5.Nf3d2 Ng8f6
6.e3 g6
7.a3 a6
8.b4 d6
9.b5 axb5
10.cxb5 Nc6a5
11.Nd2c4 Bc8e6
12.Nc4xa5 Ra8xa5
13.d5 Be6d7
14.a4 Bf8g7
15.Ra1a2 Qd8a8
16.Qd1b3 O-O
17.Bf1c4 Kh8
18.Bc1d2 c6
19.O-O Rf8c8
20.Rf1c1 Bd7e8
21.dxc6 bxc6
22.Bc4e6 Rc8b8
23.Nc3e2 Ra5a7
24.Bd2b4 cxb5
25.a5 Ra7a6
26.Ne2d4 Be8d7
27.Rc1c7 Bd7xe6
28.Nd4xe6 Nf6e8
29.Rc7xg7 Ne8xg7
30.Bb4c3 Rb8b7
31.Ne6xg7 Rb7xg7
32.Qb3f7 Qa8g8
33.Qf7b7 h5
34.Bc3xg7 Qg8xg7
35.Qb7xa6 b4
36.Qa6c8 Kh7
37.Qc8c4 Qg7c3
38.Qc4xc3 { resign }
1-0

[Event "Tourn. n10240"]
[Site "www.echecsemail.com"]
[Date "2019.11.10"]
[Round "1"]
[White "Fantomas"]
[Black "Amaya"]
[WhiteElo "2230"]
[BlackElo "2040"]
[Result "0-1"]
[Round "1"]
1.e4 e6
2.f4 d5
3.e5 c5
4.Ng1f3 c4
5.d4 cxd3
6.cxd3 Bf8b4
7.Bc1d2 Nb8c6
8.Nb1c3 Ng8e7
9.a3 Bb4a5
10.Nc3b5 O-O
11.Nb5d6 Ba5xd2
12.Qd1xd2 f6
13.d4 Ne7f5
14.Nd6xf5 exf5
15.Bf1e2 fxe5
16.fxe5 Nc6a5
17.Qd2c3 Bc8e6
18.b3 Ra8c8
19.Qc3b2 Qd8b6
20.Ra1b1 f4
21.Be2d3 Be6g4
22.Bd3e2 Bg4f5
23.Rb1d1 Rc8c2
{ resign }
0-1

[Event "1/128 Finale"]
[Site "www.chess-mail.com"]
[Date "2019.11.10"]
[Round "1"]
[White "D4minance"]
[Black "Esperanza"]
[WhiteElo "2850"]
[BlackElo "2110"]
[Result "1-0"]
[Round "1"]
1.d4 Ng8f6
2.c4 g6
3.g3 Bf8g7
4.Bf1g2 O-O
5.Ng1f3 d6
6.Nb1c3 c6
7.O-O Nb8d7
8.e4 e5
9.h3 Nf6e8
10.Bc1e3 f5
11.Qd1d2 Ne8f6
12.exf5 gxf5
13.Ra1e1 Qd8e8
14.b3 Kh8
15.Nf3h4 Nd7b6
16.a4 a5
17.dxe5 { resign }
1-0

[Event "Tourn. n10222"]
[Site "www.echecsemail.com"]
[Date "2019.11.11"]
[Round "1"]
[White "Fereike"]
[Black "Diselman"]
[WhiteElo "1570"]
[BlackElo "1539"]
[Result "0-1"]
[Round "1"]
1.e4 c6
2.d4 d5
3.exd5 cxd5
4.c3 Nb8c6
5.Bc1f4 Bc8f5
6.Bf1d3 Bf5xd3
7.Qd1xd3 Ng8f6
8.Nb1d2 Nf6h5
9.Bf4e3 e6
10.Ng1e2 Bf8e7
11.Nd2f3 h6
12.O-O a5
13.Ne2f4 Nh5xf4
14.Be3xf4 O-O
15.Nf3e5 Be7d6
16.Ne5xc6 bxc6
17.Qd3g3 Bd6b8
18.Bf4xb8 Ra8xb8
19.b3 Qd8b6
20.Rf1e1 c5
21.Ra1d1 Rf8c8
22.Qg3e3 a4
23.Rd1b1 Qb6d6
24.dxc5 Qd6xc5
25.Rb1c1 axb3
26.axb3 Rb8xb3
27.Qe3f4 g5
{ resign }
0-1

[Event "Match"]
[Site "www.echecsemail.com"]
[Date "2019.11.11"]
[Round "1"]
[White "Ztornad"]
[Black "Calponas"]
[WhiteElo "1970"]
[BlackElo "2150"]
[Result "1-0"]
[Round "1"]
1.b3 Ng8f6
2.Bc1b2 g6
3.g4 Bf8g7
4.g5 Nf6h5
5.Bb2xg7 Nh5xg7
6.Bf1g2 Nb8c6
7.a4 b6
8.Ng1f3 Bc8b7
9.c3 a5
10.Nf3e5  { time }
1-0

[Event "Tourn. n10218"]
[Site "www.echecsemail.com"]
[Date "2019.11.12"]
[Round "1"]
[White "Iko"]
[Black "Cal"]
[WhiteElo "1820"]
[BlackElo "1820"]
[Result "0-1"]
[Round "1"]
1.e4 e5
2.Ng1f3 d6
3.Bf1d3 h6
4.O-O a6
5.b4 b5
6.c4 c5
7.bxc5 Bc8g4
8.cxd6 Qd8xd6
9.Bc1a3 Qd6xd3
10.Nf3xe5 Bg4xd1
11.Rf1xd1 Qd3xe4
12.d4 Bf8xa3
13.Nb1xa3 Ng8e7
14.Rd1e1 Qe4xd4
15.Ra1d1 Qd4b2
16.Rd1b1 Qb2xa3
17.cxb5 Qa3xa2
18.Rb1a1 Qa2b3
19.Re1b1 Qb3c3
20.bxa6 Qc3xe5
21.a7 O-O
22.Kf1 Nb8c6
23.Rb1b7 Qe5xa1
24.Ke2 Nc6d4
25.Kd3 Ne7c6
26.Kc4 Qa1a6
27.Kc5 Qa6xb7
28.f4 Qb7xa7
29.Kd5 Ra8d8
30.Ke4 Rf8e8
31.Kd3 Qa7c5
32.g3 Nd4f3

0-1

[Event "Tourn. n10225"]
[Site "www.echecsemail.com"]
[Date "2019.11.12"]
[Round "1"]
[White "Francesco"]
[Black "Scasan55"]
[WhiteElo "2080"]
[BlackElo "1970"]
[Result "0-1"]
[Round "1"]
1.d4 e6
2.c4 d5
3.Nb1c3 Ng8f6
4.Bc1g5 Bf8e7
5.Ng1f3 O-O
6.e3 h6
7.Bg5h4 c5
8.cxd5 Nf6xd5
9.Bh4xe7 Qd8xe7
10.Nc3xd5 exd5
11.dxc5 Qe7xc5
12.Ra1c1 Qc5a5
13.Qd1d2 Qa5xd2
14.Nf3xd2 Bc8d7
15.Bf1d3 Bd7c6
16.O-O Nb8d7
17.b4 a6
18.a3 Nd7e5
19.Bd3e2 Rf8d8
20.Nd2f3 Ne5xf3
21.Be2xf3 Ra8c8
22.Rf1d1 Kf8
23.Kf1 Ke7
24.Bf3xd5 Bc6b5
25.Ke1 Rc8xc1
26.Rd1xc1 Rd8xd5
27.Rc1c7 Rd5d7
28.Rc7xd7 Kxd7
29.Kd2 Kd6
30.Kc3 Kd5
31.f3 f5
32.g3 g5
33.Kb3 Bb5e2
34.f4 b5
35.Kc3 Ke4
36.Kd2 Be2g4
37.fxg5 hxg5
{ resign }
0-1

[Event "Match"]
[Site "www.echecsemail.com"]
[Date "2019.11.12"]
[Round "1"]
[White "Apdash"]
[Black "Tarasch"]
[WhiteElo "2230"]
[BlackElo "2270"]
[Result "0-1"]
[Round "1"]
1.e4 e6
2.d4 d5
3.e5 c5
4.c3 Qd8b6
5.Ng1f3 Bc8d7
6.Bf1e2 cxd4
7.cxd4 Bd7b5
8.O-O Ng8e7
9.Nb1c3 Bb5xe2
10.Qd1xe2 Ne7c6
11.Bc1e3 Qb6a6
12.Nc3b5 Qa6b6
13.Ra1c1 a6
14.Nb5c3 Nb8d7
15.a3 Bf8e7
16.Qe2d2 Nc6a5
17.Qd2d3 Ra8c8
18.b4 Na5c4
19.Nc3a4 Qb6a7
20.Na4c5 Be7xc5
21.bxc5 b6
22.cxb6 Nd7xb6
23.Nf3d2 Nc4xd2
24.Rc1xc8 Nb6xc8
25.Be3xd2 O-O
26.Bd2b4 Rf8e8
27.Bb4c5 Qa7a8
28.Rf1b1 Nc8e7
29.Rb1b6 Ne7g6
30.Rb6xa6 Qa8b7
31.Ra6b6 Qb7a8
32.g3 Re8b8
33.Qd3b5 Rb8xb6
34.Qb5xb6 h5
35.h4 Qa8a4
36.Qb6b1 Kh8
37.Qb1d3 Kg8
38.Kg2 Ng6f8
39.Qd3d2 Nf8d7
40.Bc5b4 Nd7b6
41.Qd2g5 Nb6c4
42.Qg5c1 Qa4b3
43.Bb4c5 Qb3b2
44.Qc1d1 Nc4e3
{ resign }
0-1

[Event "Match"]
[Site "www.echecsemail.com"]
[Date "2019.11.12"]
[Round "1"]
[White "Said13"]
[Black "Gambitmiau"]
[WhiteElo "1809"]
[BlackElo "1840"]
[Result "1-0"]
[Round "1"]
1.c4 e5
2.Nb1c3 Bf8b4
3.g3 Bb4xc3
4.bxc3 Ng8f6
5.Ng1f3 Nb8c6
6.Bf1g2 O-O
7.O-O d6
8.d4 Bc8g4
9.Ra1b1 Nf6e4
10.Qd1d3 Ne4f6
11.e4 Bg4xf3
12.Bg2xf3 Qd8e7
13.Rb1xb7 Ra8b8
14.Rb7xb8 Rf8xb8
15.Bc1e3 h6
16.Rf1b1 g5
17.d5 g4
18.Rb1xb8 Nc6xb8
19.Bf3g2 h5
20.Be3xa7 Nb8d7
21.Qd3b1 h4
22.a4 h3
23.Bg2f1 Nf6h5
24.a5 Nd7f6
25.a6 Kg7
26.Ba7e3 Qe7d8
27.a7 Nf6xe4
28.Qb1b8 Qd8f6
29.a8Q Kg6
30.Qb8b1 Qf6f3
31.Qa8h8 Nh5g7
32.Qh8h6 Kf5
33.Qh6g5 { resign }
1-0

[Event "Match"]
[Site "www.echecsemail.com"]
[Date "2019.11.12"]
[Round "1"]
[White "Guidom"]
[Black "Ericleo1980"]
[WhiteElo "2070"]
[BlackElo "1960"]
[Result "1-0"]
[Round "1"]
1.e4 c5
2.Ng1f3 d6
3.c4 Ng8f6
4.Nb1c3 Bc8g4
5.Bf1e2 e6
6.h3 Bg4h5
7.d3 h6
8.Bc1e3 Bf8e7
9.O-O Nb8d7
10.Qd1d2 a6
11.a4 Qd8c7
12.Ra1b1 O-O
13.Be3xh6 gxh6
14.Qd2xh6 Rf8c8
15.Kh1 Be7f8
16.Qh6e3 Bf8g7
17.Nf3h4 Bh5xe2
18.Qe3xe2 Kf8
19.f4 Ke7
20.Rb1e1 Rc8h8
21.Nh4f3 Nf6h5
22.Qe2f2 Nh5xf4
23.Nf3g5 Bg7xc3
{ time. }
1-0

[Event "Tourn. n10235"]
[Site "www.echecsemail.com"]
[Date "2019.11.12"]
[Round "1"]
[White "Picifarkinca"]
[Black "Iko"]
[WhiteElo "1720"]
[BlackElo "1800"]
[Result "1-0"]
[Round "1"]
1.e4 e5
2.f4 Nb8c6
3.Ng1f3 d6
4.Bf1c4 Bc8g4
5.c3 exf4
6.d4 Bg4xf3
7.Qd1xf3 Qd8h4
8.g3 fxg3
9.Qf3xf7 Kd8
10.Qf7xf8 Kd7
11.Qf8xg7 Ng8e7
12.Qg7xg3 Qh4xe4
13.Kd1 Qe4xh1
14.Kc2 d5
15.Qg3h3 Kd6
16.Bc1f4 Nc6e5
17.Bf4xe5 Kc6
18.Qh3e6 
1-0

[Event "1/128 Finale"]
[Site "www.chess-mail.com"]
[Date "2019.11.12"]
[Round "1"]
[White "Vasylpuzanov"]
[Black "Yakke"]
[WhiteElo "1340"]
[BlackElo "1720"]
[Result "1-0"]
[Round "1"]
1.d4 d5
2.c4 c6
3.cxd5 cxd5
4.Nb1c3 e6
5.Ng1f3 a6
6.Bc1f4 Nb8c6
7.e3 Bf8b4
8.Bf1d3 Bb4xc3
9.bxc3 Qd8a5
10.Qd1c2 Ng8e7
11.O-O h6
12.Nf3e5 Nc6xe5
13.Bf4xe5 O-O
14.Ra1b1 Bc8d7
15.Rb1b2 b5
16.Be5d6 Rf8e8
17.f4 Ne7f5
18.Bd3xf5 exf5
19.Rf1f3 Qa5b6
20.Bd6c5 Qb6g6
21.Rf3g3 Qg6f6
22.Qc2f2 Qf6c6
23.h3 Qc6c7
24.Kh2 Qc7a5
25.Qf2f3 Bd7c6
26.Qf3h5 Qa5xc3
27.Qh5xh6 g6
28.e4 Qc3xb2
29.exf5 Re8e2
30.f6 Re2xg2
31.Rg3xg2 Qb2xg2
32.Kxg2  { time }
1-0

[Event "Tourn. n10240"]
[Site "www.echecsemail.com"]
[Date "2019.11.13"]
[Round "1"]
[White "Argento"]
[Black "Apdash"]
[WhiteElo "2210"]
[BlackElo "2220"]
[Result "1-0"]
[Round "1"]
1.e4 c5
2.Ng1f3 d6
3.d4 cxd4
4.Nf3xd4 Nb8c6
5.Nb1c3 g6
6.Bc1e3 Bf8g7
7.Qd1d2 a6
8.f3 Ng8f6
9.O-O-O Nc6xd4
10.Be3xd4 Bc8d7
11.Nc3d5 b5
12.Bd4b6 Qd8b8
13.Nd5c7 Kf8
14.Nc7xa8 Qb8xa8
15.Bb6e3 h5
16.Kb1 a5
17.c4 b4
18.c5 dxc5
19.Be3xc5 Bg7h6
20.Bc5xe7 Kxe7
21.Qd2d6 Ke8
22.Qd6xf6 Rh8f8
23.Bf1b5 { resign }
1-0

[Event "Tourn. n10241"]
[Site "www.echecsemail.com"]
[Date "2019.11.13"]
[Round "1"]
[White "Wd40"]
[Black "Foxy100"]
[WhiteElo "2760"]
[BlackElo "2450"]
[Result "1-0"]
[Round "1"]
1.d4 d5
2.Bc1g5 c6
3.e3 Nb8d7
4.Ng1f3 Ng8f6
5.Nb1d2 Qd8b6
6.Ra1b1 h6
7.Bg5h4 e6
8.c4 Qb6a5
9.c5 Qa5xa2
10.b4 Qa2a3
11.Bf1e2 b5
12.O-O a5
13.Bh4xf6 Nd7xf6
14.Nf3e5 Bc8d7
15.Be2d3 Bf8e7
16.Rb1a1 Qa3xb4
17.Ra1b1 Qb4a3
18.Rb1b3 Qa3a2
19.Qd1c1 Nf6e4
20.Rb3b2 Qa2a4
21.Nd2xe4 dxe4
22.Bd3c2 Qa4a3
23.Qc1b1 { resign }
1-0

[Event "Match"]
[Site "www.echecsemail.com"]
[Date "2019.11.13"]
[Round "1"]
[White "Tbsundar"]
[Black "Johndyson"]
[WhiteElo "2220"]
[BlackElo "2500"]
[Result "0-1"]
[Round "1"]
1.d4 d5
2.Ng1f3 Ng8f6
3.c4 c6
4.e3 Bc8f5
5.Nb1d2 e6
6.Qd1b3 Qd8c7
7.cxd5 exd5
8.Bf1d3 Bf5g6
9.Nf3e5 Bg6xd3
10.Ne5xd3 Bf8d6
11.f4 O-O
12.O-O a6
13.Nd3e5 Rf8e8
14.Nd2f3 Re8e7
15.Bc1d2 Nf6e4
16.Bd2e1 Nb8d7
17.Be1h4 f6
18.Ne5d3 Nd7b6
19.a4 Nb6c4
20.Rf1d1 g5
21.fxg5 fxg5
22.Bh4f2 Ra8f8
23.Nd3e1 Bd6xh2
24.Kf1 g4
25.Bf2h4 gxf3
26.Qb3c2 Nc4xe3

0-1

[Event "Tourn. n10236"]
[Site "www.echecsemail.com"]
[Date "2019.11.13"]
[Round "1"]
[White "Esperanza"]
[Black "Fantomas"]
[WhiteElo "2110"]
[BlackElo "2210"]
[Result "1-0"]
[Round "1"]
1.e4 e5
2.Ng1f3 Nb8c6
3.Bf1c4 Bf8c5
4.O-O h6
5.b4 Bc5d6
6.Bc1b2 Qd8e7
7.a3 Ng8f6
8.Rf1e1 b6
9.d4 O-O
10.Nb1d2 Rf8e8
11.b5 Nc6xd4
12.Nf3xd4 exd4
13.Bb2xd4 Bd6xa3
14.Bd4xf6 gxf6
15.Qd1g4 Kh8
16.Qg4h3 Qe7f8
17.Ra1xa3 d5
18.Qh3h4 dxc4
19.Qh4xf6 Kh7
20.Ra3g3 Re8e6
21.Qf6f5 Kh8
22.Qf5d5 Bc8a6
23.bxa6 Ra8d8
24.Qd5xc4 Rd8xd2
25.Qc4c3 { resign }
1-0

[Event "Match"]
[Site "www.echecsemail.com"]
[Date "2019.11.14"]
[Round "1"]
[White "Apdash"]
[Black "Logout"]
[WhiteElo "2170"]
[BlackElo "2040"]
[Result "1-0"]
[Round "1"]
1.d4 Ng8f6
2.c4 d5
3.Nb1c3 dxc4
4.e4 Nb8c6
5.d5 Nc6b8
6.Bf1xc4 Nf6d7
7.Ng1f3 g6
8.a4 a6
9.O-O Bf8g7
10.Bc1d2 Nd7e5
11.Nf3xe5 Bg7xe5
12.Bd2h6 Bc8d7
13.f4 Be5d6
14.Kh1 c6
15.e5 Bd6c5
16.Nc3e4 Bc5a7
17.d6 Qd8b6
18.dxe7 a5
19.Qd1d6 Qb6d4
20.Ne4f6 
1-0

[Event "Tourn. n10220"]
[Site "www.echecsemail.com"]
[Date "2019.11.14"]
[Round "1"]
[White "Cirovicz"]
[Black "Johnmcbride"]
[WhiteElo "2080"]
[BlackElo "1870"]
[Result "1-0"]
[Round "1"]
1.e4 e5
2.Ng1f3 Nb8c6
3.Bf1b5 Nc6d4
4.Nf3xd4 exd4
5.c3 a6
6.Bb5d3 dxc3
7.bxc3 d6
8.O-O b5
9.a4 bxa4
10.Ra1xa4 c5
11.Qd1e2 a5
12.Bd3b5 Bc8d7
13.d4 Ng8f6
14.e5 dxe5
15.dxe5 Nf6d5
16.e6 fxe6
17.Qe2xe6 Bf8e7
18.Bb5xd7 Qd8xd7
19.Qe6xd7 Kxd7
20.Rf1d1 Kc6
21.Ra4e4 Be7d6
22.c4 Nd5b4
23.Re4e6 Ra8d8
24.Bc1f4 Kb7
25.Re6xd6 Rd8xd6
26.Rd1xd6 Rh8e8
27.Rd6d1 Re8e4
28.Bf4e3 Kc6
29.Nb1a3 a4
30.g3 h6
31.Na3b5 Nb4c2
32.Rd1d6 Kb7
33.Be3xc5 Re4xc4
34.Rd6b6 Ka8
35.Nb5c7 Ka7
36.Rb6b5 { resign }
1-0

[Event "Match"]
[Site "www.echecsemail.com"]
[Date "2019.11.14"]
[Round "1"]
[White "Apdash"]
[Black "Johndyson"]
[WhiteElo "2230"]
[BlackElo "2500"]
[Result "0-1"]
[Round "1"]
1.e4 c6
2.d4 d5
3.exd5 cxd5
4.Ng1f3 Nb8c6
5.Bf1b5 Bc8g4
6.O-O e6
7.Bc1e3 Bf8d6
8.Nb1d2 h6
9.h3 Bg4f5
10.c4 a6
11.Bb5a4 Ng8e7
12.a3 Ra8c8
13.cxd5 exd5
14.Nf3e5 Bd6xe5
15.dxe5 d4
16.Be3f4 O-O
17.Rf1e1 b5
18.Ba4b3 d3
19.g4 Bf5e6
20.Bb3xe6 fxe6
21.Bf4g3 Nc6d4
22.Nd2f3 Rf8xf3
23.Re1e4 Rc8c2
24.Kg2 Qd8a8
25.Qd1e1 Rc2e2
26.Re4xe2 Rf3e3
{ resign }
0-1

[Event "Tourn. n10222"]
[Site "www.echecsemail.com"]
[Date "2019.11.14"]
[Round "1"]
[White "Diselman"]
[Black "Picifarkinca"]
[WhiteElo "1539"]
[BlackElo "1570"]
[Result "1-0"]
[Round "1"]
1.d4 d5
2.c4 e6
3.Ng1f3 Ng8f6
4.Nb1c3 c6
5.g3 Nb8d7
6.Bf1g2 Bf8b4
7.a3 Bb4xc3
8.bxc3 Nf6e4
9.Nf3d2 f5
10.e3 O-O
11.Nd2xe4 fxe4
12.O-O Nd7f6
13.f3 Qd8e7
14.fxe4 dxe4
15.g4 e5
16.h3 exd4
17.g5 Nf6e8
18.exd4 Bc8f5
19.c5 Ne8c7
20.Qd1e1 Ra8e8
21.Ra1a2 Bf5e6
22.Ra2b2 Be6c4
23.Rf1xf8 Kxf8
24.Bc1f4 Bc4a6
25.Bf4d6 { resign }
1-0

[Event "Tourn. n10246"]
[Site "www.echecsemail.com"]
[Date "2019.11.14"]
[Round "1"]
[White "Claudia"]
[Black "Libiesse"]
[WhiteElo "2120"]
[BlackElo "2010"]
[Result "1-0"]
[Round "1"]
1.d4 d5
2.c4 e6
3.Nb1c3 Ng8f6
4.cxd5 exd5
5.Bc1g5 Bf8e7
6.e3 c6
7.Bf1d3 Bc8e6
8.Qd1c2 h6
9.Bg5f4 O-O
10.Ng1f3 Nf6h5
11.O-O Nh5xf4
12.exf4 Nb8d7
13.f5 { resign }
1-0

[Event "Tourn. n10241"]
[Site "www.echecsemail.com"]
[Date "2019.11.14"]
[Round "1"]
[White "Galiany17"]
[Black "Foxy100"]
[WhiteElo "2610"]
[BlackElo "2450"]
[Result "1/2-1/2"]
[Round "1"]
1.e4 e5
2.Nb1c3 d6
3.Ng1f3 Ng8f6
4.d4 Nb8d7
5.Bf1c4 exd4
6.Qd1xd4 Bf8e7
7.O-O O-O
8.Bc1f4 b6
9.Rf1e1 Bc8b7
10.Ra1d1 Nf6h5
11.Bf4d2 Be7f6
12.Qd4e3 Rf8e8
13.Nf3g5 Bf6xg5
14.Qe3xg5 Qd8xg5
15.Bd2xg5 Nh5f6
16.f3 a6
17.a4 Re8e7
18.Kf2 h6
19.Bg5f4 Ra8e8
20.b4 Nd7e5
21.Bc4b3 g5
22.Bf4d2 Kg7
23.h3 Nf6h7
24.Nc3e2 Nh7f6
25.Bd2c3 Bb7c8
26.Ne2g3 h5
27.Ng3f5 Bc8xf5
28.exf5 h4
29.Bc3d2 Kh6
30.Bd2c3 Kg7
31.Rd1a1 Nf6h5
32.Bb3c4 Re8a8
33.Bc4d5 Ra8b8
34.Bd5e4 Nh5f6
35.Bc3d2 Kh6
36.b5 a5
37.Ra1d1 d5
38.Be4d3 Nf6h5
39.f6 Re7e8
40.Bd3f5 Nh5g3
41.Bd2c3 Ne5xf3
42.Re1xe8 Rb8xe8
43.Rd1xd5 Nf3e1
44.Bf5d3 Ne1xd3
45.cxd3 Re8e2
46.Kf3 Kg6
47.Bc3e5 Re2c2
48.Be5xg3 hxg3
49.Kxg3 Kxf6
{ draw }
1/2-1/2

[Event "Match"]
[Site "www.echecsemail.com"]
[Date "2019.11.14"]
[Round "1"]
[White "Coraza"]
[Black "Cal"]
[WhiteElo "1720"]
[BlackElo "1760"]
[Result "1-0"]
[Round "1"]
1.e4 e5
2.Ng1f3 d6
3.Bf1c4 h6
4.c3 Ng8f6
5.Qd1b3 b6
6.Bc4xf7 Ke7
7.Nf3h4 Nb8c6
8.Bf7d5 Bc8b7
9.Bd5f7 Qd8d7
10.Nh4f5 Kd8
11.Bf7e6 Qd7e8
12.Be6f7 Qe8d7
13.O-O Kc8
14.Bf7e6 Nc6a5
15.Be6xd7 Kxd7
16.Qb3f7 Kc6
17.b4 Na5c4
18.Qf7xc4 Kd7
19.Qc4f7 Kc6
20.a4 b5
21.a5 Nf6xe4
22.d4 Ne4g5
23.Bc1xg5 hxg5
24.d5 
1-0

[Event "Tourn. n10236"]
[Site "www.echecsemail.com"]
[Date "2019.11.14"]
[Round "1"]
[White "Apdash"]
[Black "Esperanza"]
[WhiteElo "2160"]
[BlackElo "2110"]
[Result "1-0"]
[Round "1"]
1.e4 e5
2.Ng1f3 Nb8c6
3.Bf1b5 a6
4.Bb5xc6 dxc6
5.O-O Qd8d6
6.Nb1c3 Bc8g4
7.d3 Ng8f6
8.Bc1g5 Bf8e7
9.h3 Bg4e6
10.Qd1e2 O-O
11.d4 exd4
12.e5 Qd6b4
13.exf6 gxf6
14.Bg5h6 dxc3
15.bxc3 Qb4c4
16.Qe2e3 Be7c5
17.Nf3d4 Kh8
18.Qe3f4 Bc5e7
19.Bh6xf8 Ra8xf8
20.Qf4xc7 Be7c5
21.Nd4xe6 Qc4xe6
22.Ra1e1 Qe6f5
23.Kh2 Bc5xf2
24.Qc7xb7 Qf5f4
25.Kh1 Qf4g3
26.Qb7e7 { resign }
1-0

[Event "Tourn. n10222"]
[Site "www.echecsemail.com"]
[Date "2019.11.14"]
[Round "1"]
[White "Diselman"]
[Black "Vasylpuzanov"]
[WhiteElo "1539"]
[BlackElo "1440"]
[Result "0-1"]
[Round "1"]
1.b3 b6
2.Bc1b2 Bc8b7
3.a3 e6
4.d4 Ng8f6
5.e3 d5
6.Ng1f3 Bf8d6
7.c4 Nb8d7
8.cxd5 exd5
9.Bf1d3 O-O
10.h3 Rf8e8
11.O-O Nf6e4
12.Nb1c3 c6
13.Qd1c2 f5
14.Ra1c1 Qd8e7
15.a4 a5
16.Nc3e2 Ra8c8
17.h4 Nd7f6
18.Ne2f4 Nf6g4
19.Rc1e1 c5
20.dxc5 bxc5
21.Bd3b5 Re8d8
22.Qc2e2 h6
23.Nf4g6 Qe7c7
24.Qe2c2 Bd6h2
{ resign }
0-1

[Event "Match"]
[Site "www.echecsemail.com"]
[Date "2019.11.14"]
[Round "1"]
[White "Joseph1983"]
[Black "Tbsundar"]
[WhiteElo "2190"]
[BlackElo "2310"]
[Result "0-1"]
[Round "1"]
1.Ng1f3 d5
2.g3 c6
3.d3 Nb8d7
4.Bf1g2 Ng8f6
5.O-O e5
6.Nb1d2 Bf8d6
7.c4 O-O
8.b3 Rf8e8
9.Bc1b2 Qd8e7
10.Ra1c1 e4
11.dxe4 dxe4
12.Nf3d4 e3
13.Nd4f5 Qe7f8
14.Nf5xe3 Bd6e5
15.Bb2xe5 Nd7xe5
16.Qd1c2 Bc8e6
17.Ne3d1 Ra8d8
18.e4 Ne5d3
19.Rc1a1 Be6g4
20.Nd1b2 Bg4e2
21.Rf1b1 Nf6g4
22.Bg2f1 Qf8c5
{ resign }
0-1